Regionálne dosahy a impulzy ekonomickej krízy

Regionálne ohrozenia v strategickom horizonte. Dosah globalizácie a regióny. Dosah a impulzy hospodárskej krízy. Výzvy a riešenia pre samosprávu.

Saved in:
Bibliographic Details
Main Author: Buček, Milan
Format: Book Chapter
Language:Slovak
Subjects:
Tags: Add Tag
No Tags, Be the first to tag this record!

MARC

LEADER 00000naa$a2200000$$$4500
001 0109854
005 20240502072218.2
041 0 |a slo 
044 |a SK 
245 1 0 |a Regionálne dosahy a impulzy ekonomickej krízy  |c Milan Buček 
520 |a Regionálne ohrozenia v strategickom horizonte. Dosah globalizácie a regióny. Dosah a impulzy hospodárskej krízy. Výzvy a riešenia pre samosprávu. 
610 2 0 |a kríza hospodárska 
610 2 0 |a politika regionálna 
610 2 0 |a reformy hospodárske 
610 2 0 |a trh energetický 
610 2 0 |a politika fiškálna 
610 2 0 |a Slovensko 
100 1 |a Buček, Milan